The impact of institutional frameworks on the ESG strategies of global publicly listed real estate (Record no. 121975)
[ view plain ]
| 000 -LEADER | |
|---|---|
| fixed length control field | 01690nad a22002775a 4500 |
| 008 - FIXED-LENGTH DATA ELEMENTS--GENERAL INFORMATION | |
| fixed length control field | 180904t20240724xxk g 000 0 eng d |
| 041 0# - LANGUAGE CODE | |
| Language code of text/sound track or separate title | eng |
| 110 ## - MAIN ENTRY--CORPORATE NAME | |
| Corporate name or jurisdiction name as entry element | Property Research Trust |
| 9 (RLIN) | 6343 |
| 245 04 - TITLE STATEMENT | |
| Title | The impact of institutional frameworks on the ESG strategies of global publicly listed real estate |
| Medium | [electronic resource] |
| 260 ## - PUBLICATION, DISTRIBUTION, ETC. | |
| Name of publisher, distributor, etc. | Property Research Trust |
| Date of publication, distribution, etc. | July 2024 |
| 300 ## - PHYSICAL DESCRIPTION | |
| Extent | 87p. |
| 520 ## - SUMMARY, ETC. | |
| Summary, etc. | Real estate plays a critical role in advancing sustainable development, necessitating that companies within the sector implement environmental, social, and governance (ESG) strategies. Globally, governments have introduced policies to promote initiatives, including emissions trading systems (ETS), carbon taxes (CT), green building certifications, and ESG reporting requirements, reflecting a growing interest in ESG among international real estate investors and stakeholders. This report explores the convergence of ESG performance, institutional frameworks – particularly environmental regulations such as ETS – and financial outcomes within the real estate sector. |
| 650 ## - SUBJECT ADDED ENTRY--TOPICAL TERM | |
| Topical term or geographic name entry element | CARBON TAXES |
| 650 ## - SUBJECT ADDED ENTRY--TOPICAL TERM | |
| Topical term or geographic name entry element | ESG |
| 650 ## - SUBJECT ADDED ENTRY--TOPICAL TERM | |
| Topical term or geographic name entry element | GREEN BUILDING CERTIFICATIONS |
| 650 ## - SUBJECT ADDED ENTRY--TOPICAL TERM | |
| Topical term or geographic name entry element | SUSTAINABILITY |
| 650 ## - SUBJECT ADDED ENTRY--TOPICAL TERM | |
| Topical term or geographic name entry element | SUSTAINABLE DEVELOPMENT |
| 651 #4 - SUBJECT ADDED ENTRY--GEOGRAPHIC NAME | |
| Geographic name | International |
| 690 ## - LOCAL SUBJECT ADDED ENTRY--TOPICAL TERM (OCLC, RLIN) | |
| Topical term or geographic name as entry element | Investments |
| 9 (RLIN) | 6250 |
| 690 ## - LOCAL SUBJECT ADDED ENTRY--TOPICAL TERM (OCLC, RLIN) | |
| Topical term or geographic name as entry element | Environment |
| 9 (RLIN) | 6238 |
| 700 1# - ADDED ENTRY--PERSONAL NAME | |
| Personal name | Lee, Chyi Lin |
| 700 1# - ADDED ENTRY--PERSONAL NAME | |
| Personal name | Liang, Jian |
| 710 ## - ADDED ENTRY--CORPORATE NAME | |
| Corporate name or jurisdiction name as entry element | Property Research Trust |
| 9 (RLIN) | 6343 |
| 856 40 - ELECTRONIC LOCATION AND ACCESS | |
| Uniform Resource Identifier | <a href="https://www.propertyresearchtrust.org/uploads/1/3/4/8/134819607/the_impact_of_institutional__frameworks_on_the_esg__strategies_of_global__publicly_listed_real_estate.pdf">https://www.propertyresearchtrust.org/uploads/1/3/4/8/134819607/the_impact_of_institutional__frameworks_on_the_esg__strategies_of_global__publicly_listed_real_estate.pdf</a> |
| Public note | View via the Property Research Trust |
| 942 ## - ADDED ENTRY ELEMENTS (KOHA) | |
| Suppress in OPAC | 0 |
| Source of classification or shelving scheme | Dewey Decimal Classification |
| Withdrawn status | Lost status | Damaged status | Not for loan | Home library | Current library | Shelving location | Date acquired | Total Checkouts | Date last seen | Price effective from | Koha item type |
|---|---|---|---|---|---|---|---|---|---|---|---|
| Virtual | Virtual | Online | 24/07/2024 | 24/07/2024 | 24/07/2024 | Online material |